Your career in motion pictures, radio, television.

Bibliographic Details
Main Author: Jones, Charles Reed, 1896-
Format: Book
Language:English
Published: New York : Sheridan House, [1949]
Subjects:

MARC

Tag First Indicator Second Indicator Subfields
LEADER 00000cam a2200000 4500
001 in00000650331
005 20151015074619.0
008 730316s1949 nyu 00000 eng u
010 |a  49006965  
035 |a (OCoLC)00582317 
035 |9 ACX3530AM 
040 |c AKR  |d TXA  |d UtOrBLW 
049 |a TXAM  |c [174325] 
050 0 0 |a PN1995.9.P75  |b J6 1949 
082 0 |a 791.4069 
092 |a 791.4  |b J76y 
100 1 |a Jones, Charles Reed,  |d 1896- 
245 1 0 |a Your career in motion pictures, radio, television. 
264 1 |a New York :  |b Sheridan House,  |c [1949] 
300 |a 255 pages ;  |c 22 cm. 
336 |a text  |b txt  |2 rdacontent 
337 |a unmediated  |b n  |2 rdamedia 
338 |a volume  |b nc  |2 rdacarrier 
650 0 |a Motion pictures  |x Vocational guidance. 
650 0 |a Radio  |x Vocational guidance. 
650 0 |a Television  |x Vocational guidance. 
650 0 |a Occupations. 
999 |a MARS 
999 f f |s a9676a42-f310-36f8-b1b1-3e94965a66fa  |i b9433682-ad7b-37b4-a973-7bda5077af90  |t 0 
952 f f |p ric  |a Texas A&M University  |b Rellis Campus  |c Joint Library Facility  |d Remote Storage  |t 0  |e PN1995.9.P75 J6 1949  |h Library of Congress classification  |i unmediated -- volume  |m A14801175813 
998 f f |a PN1995.9.P75 J6 1949  |t 0  |l Remote Storage